000 00602nam a2200217Ia 4500
003 0100
008 130303s9999 xx 000 0 und d
020 _a9970020587
040 _cARRUPELIB
050 _aJQ2951.A56C636 1998
245 _aFighting corruption in Uganda
245 _bthe process of building a national integrity system
260 _aKampala
260 _bFountain Publishers
260 _C1998
300 _aix
300 _b 181 p. 21 cm
650 _bUganda--Economic conditions--1979
700 _aedited by A. Ruzindana (et al.) , Ruzindana, A. (Augustin)
942 0 0 _01
999 _c7366
_d7366